[Event "Departementale Loire"]
[Site "Roanne"]
[Date "2011.04.17"]
[Round "1.1"]
[White "Morice, Ludovic"]
[Black "Guevorkian, Spartak"]
[Result "1-0"]
[WhiteElo "2065"]
[BlackElo "1860"]
[PlyCount "59"]
[EventDate "2011.??.??"]

1. d4 d5 2. c4 c6 3. Nf3 Nf6 4. g3 Bf5 5. Nc3 e6 6. Bg2 h6 7. O-O Nbd7 8. cxd5
exd5 9. Bf4 Ne4 10. Nd2 Ndf6 11. f3 Nxd2 12. Qxd2 Bd6 13. Bxd6 Qxd6 14. e4 dxe4
15. fxe4 Bxe4 16. Nxe4 Nxe4 17. Bxe4 O-O 18. Rad1 Rfe8 19. Bc2 Rad8 20. Qd3 g6
21. Bb3 Re7 22. Rf4 Kg7 23. Re4 Red7 24. Qc3 f5 25. Re6 Qc7 26. d5+ Kh7 27. Qf6
Rg7 28. d6 Qb6+ 29. Kg2 Qb4 30. Qxd8 1-0

[Event "Departementale Loire"]
[Site "Roanne"]
[Date "2011.04.17"]
[Round "1.2"]
[White "Megnot, Philippe"]
[Black "Castillo, Raymond"]
[Result "0-1"]
[WhiteElo "1420"]
[BlackElo "2049"]
[PlyCount "98"]
[EventDate "2011.??.??"]

1. d4 Nf6 2. Nf3 e6 3. Bf4 c5 4. Nc3 d5 5. e3 c4 6. a3 Qa5 7. Qd2 Bb4 8. Be2
Ne4 9. Qd1 Nxc3 10. axb4 Nxd1 11. Rxa5 Nxb2 12. Bd6 Nc6 13. Ra2 c3 14. Bb5 Bd7
15. O-O a6 16. Bxc6 Bxc6 17. Ne5 Bb5 18. Rc1 Rc8 19. h3 f6 20. Nd3 Bxd3 21.
cxd3 Nxd3 22. Rcc2 Rc4 23. Ra3 Kd7 24. Bc5 Nxb4 25. Bxb4 Rxb4 26. Rcxc3 Rc8 27.
Rxc8 Kxc8 28. Kf1 Rb2 29. g4 Rc2 30. h4 Rc6 31. Ke2 b5 32. Kd3 Kb7 33. f4 Kb6
34. g5 fxg5 35. fxg5 b4 36. Ra1 a5 37. h5 b3 38. Ra3 Rc4 39. Rxb3+ Rb4 40. Kc3
Rxb3+ 41. Kxb3 Kb5 42. g6 hxg6 43. hxg6 a4+ 44. Kc3 a3 45. Kb3 a2 46. Kxa2 Kc4
47. Kb2 Kd3 48. Kb3 Kxe3 49. Kc3 Ke4 0-1

[Event "Departementale Loire"]
[Site "Roanne"]
[Date "2011.04.17"]
[Round "1.3"]
[White "Carteron, Olivier"]
[Black "Marie, Michel"]
[Result "1-0"]
[WhiteElo "1610"]
[BlackElo "1120"]
[PlyCount "135"]
[EventDate "2011.??.??"]

1. d4 d5 2. Nf3 Bf5 3. c4 dxc4 4. Nc3 c6 5. a4 a5 6. e4 Bg4 7. Be3 h6 8. Bxc4
e6 9. O-O Nf6 10. h3 Bxf3 11. Qxf3 Bb4 12. e5 Bxc3 13. exf6 Bxd4 14. Rfd1 Qxf6
15. Bxd4 Qxf3 16. gxf3 O-O 17. Be5 Na6 18. Rd2 Nc5 19. b3 f6 20. Bc7 b5 21.
axb5 cxb5 22. Bd6 Rfd8 23. Rad1 bxc4 24. Bxc5 Rxd2 25. Rxd2 c3 26. Rc2 Rc8 27.
Bd4 Rb8 28. Rxc3 Kf7 29. Kf1 Ra8 30. Rc4 Rd8 31. Ra4 e5 32. Bc3 Rd3 33. Bxa5
Rxb3 34. Kg2 g5 35. Bd8 Rd3 36. Ra7+ Kg6 37. Bb6 h5 38. Re7 Kf5 39. Rf7 g4 40.
hxg4+ hxg4 41. fxg4+ Kxg4 42. Rxf6 e4 43. Be3 Rd8 44. Rf4+ Kh5 45. Rxe4 Rg8+
46. Kf1 Rg4 47. Rxg4 Kxg4 48. Ke2 Kf5 49. Kf3 Ke5 50. Bd2 Kf5 51. Kg3 Ke4 52.
Kg4 Ke5 53. f4+ Kf6 54. f5 Kf7 55. Kg5 Kg7 56. f6+ Kf7 57. Kf5 Kg8 58. Ke6 Kf8
59. Bb4+ Ke8 60. f7+ Kd8 61. f8=Q+ Kc7 62. Qd6+ Kb7 63. Ba5 Ka8 64. Kd7 Kb7 65.
Qc6+ Kb8 66. Qb6+ Ka8 67. Qa6+ Kb8 68. Bc7# 1-0

[Event "Departementale Loire"]
[Site "Roanne"]
[Date "2011.04.17"]
[Round "1.4"]
[White "Bournez, Gerard"]
[Black "Bekri, Nesrine"]
[Result "1-0"]
[WhiteElo "1440"]
[BlackElo "1010"]
[PlyCount "85"]
[EventDate "2011.??.??"]

1. e4 e5 2. Nc3 Nf6 3. Bc4 Bc5 4. Nf3 d6 5. h3 Nc6 6. d3 Na5 7. Bb3 Bb4 8. Ng5
O-O 9. a3 Bc5 10. Ba2 h6 11. Nf3 Be6 12. b4 Bd4 13. Nxd4 Nc6 14. Nxc6 bxc6 15.
Be3 Rb8 16. O-O Nd7 17. Qf3 Qe8 18. Qg3 Qe7 19. Bxh6 Qf6 20. Bg5 Qg6 21. Be7
Rfe8 22. Qxg6 fxg6 23. Bxe6+ Kh7 24. Bxd7 Rxe7 25. Bxc6 Rb6 26. b5 a6 27. a4
Re6 28. Nd5 Rb8 29. Nxc7 Re7 30. Nxa6 Rc8 31. f4 Rf7 32. fxe5 Re7 33. exd6 Re6
34. d7 Rd8 35. Rf4 g5 36. Rf7 Re5 37. Raf1 Kg8 38. Rf8+ Rxf8 39. Rxf8+ Kxf8 40.
d8=Q+ Kf7 41. Bd5+ Kg6 42. Qd6+ Kh5 43. Qxe5 1-0

[Event "Departementale Loire"]
[Site "Roanne"]
[Date "2011.04.17"]
[Round "1.1"]
[White "Lebrun, Enzo"]
[Black "Jandeau, Cyril"]
[Result "1-0"]
[WhiteElo "1440"]
[BlackElo "1450"]
[PlyCount "27"]
[EventDate "2011.??.??"]

1. e4 e5 2. f4 d5 3. exd5 e4 4. Nc3 Nf6 5. Bc4 Bg4 6. Nge2 Bc5 7. d4 exd3 8.
Qxd3 O-O 9. Bd2 Re8 10. O-O-O Re7 11. h3 Bh5 12. g4 Bxg4 13. hxg4 Nxg4 14.
Qxh7+ 1-0

[Event "Departementale Loire"]
[Site "Roanne"]
[Date "2011.04.17"]
[Round "1.2"]
[White "Carrot, Axel"]
[Black "Rasle, Corentin"]
[Result "1-0"]
[WhiteElo "1530"]
[BlackElo "1420"]
[PlyCount "45"]
[EventDate "2011.??.??"]

1. e4 e6 2. d4 d5 3. exd5 exd5 4. Nf3 Nf6 5. h3 Bd6 6. Bd3 O-O 7. Bg5 Nbd7 8.
O-O h6 9. Bh4 c6 10. c3 Re8 11. Nbd2 Nf8 12. Nb3 Be6 13. Qd2 Be7 14. Bg3 N8d7
15. Rfe1 Rc8 16. Rad1 Qb6 17. Kh1 Qd8 18. Re2 Nf8 19. Rde1 Qd7 20. Ne5 Qd8 21.
f4 Kh8 22. f5 Bd7 23. Nxf7+ 1-0

[Event "Departementale Loire"]
[Site "Roanne"]
[Date "2011.04.17"]
[Round "1.3"]
[White "Moreira, Florian"]
[Black "Carrot, Patrick"]
[Result "0-1"]
[WhiteElo "1199"]
[BlackElo "1866"]
[PlyCount "44"]
[EventDate "2011.??.??"]

1. e4 c5 2. Nc3 a6 3. Nf3 Nc6 4. d4 cxd4 5. Nxd4 e5 6. Nxc6 bxc6 7. Be3 Nf6 8.
f3 d5 9. Na4 d4 10. Bg1 Rb8 11. Qd2 Be7 12. f4 Bb4 13. c3 Nxe4 14. Qe2 dxc3 15.
Rd1 c2+ 16. Nc3 cxd1=Q+ 17. Qxd1 Nxc3 18. bxc3 Bxc3+ 19. Ke2 Rb2+ 20. Kf3 Qxd1+
21. Ke4 f5+ 22. Ke3 Bd4# 0-1

[Event "Departementale Loire"]
[Site "Roanne"]
[Date "2011.04.17"]
[Round "1.4"]
[White "Dugelay, Alain"]
[Black "Berounsky, Clement"]
[Result "1-0"]
[WhiteElo "1499"]
[BlackElo "1099"]
[PlyCount "65"]
[EventDate "2011.??.??"]

1. e4 Nf6 2. f3 Nc6 3. Nc3 g5 4. Nd5 b5 5. d3 Bg7 6. Bxg5 e6 7. Nf4 O-O 8. Qd2
Ba6 9. O-O-O e5 10. Nd5 Nxd5 11. Bxd8 Raxd8 12. exd5 Na5 13. Qxa5 Rc8 14. Qxa6
c6 15. Qxa7 Rfd8 16. g3 cxd5 17. Ne2 Bh6+ 18. Kb1 e4 19. dxe4 dxe4 20. fxe4 Re8
21. Bg2 Ra8 22. Qxd7 Red8 23. Qg4+ Kh8 24. Nc3 Rxd1+ 25. Qxd1 Rg8 26. Nxb5 Rb8
27. Nd6 Rd8 28. Nxf7+ Kg8 29. Nxd8 Kf8 30. Qh5 Kg7 31. Ne6+ Kg8 32. Qxh6 Kh8
33. Qg7# 1-0

[Event "Departementale Loire"]
[Site "Roanne"]
[Date "2011.04.17"]
[Round "1.1"]
[White "Deville, Olivier"]
[Black "Briancon, Jean-Philippe"]
[Result "1-0"]
[WhiteElo "1988"]
[BlackElo "1299"]
[PlyCount "59"]
[EventDate "2011.??.??"]

1. Nf3 d5 2. c4 dxc4 3. Na3 Nc6 4. Nxc4 Bg4 5. Nfe5 Nxe5 6. Nxe5 Bd7 7. Qb3 e6
8. Qxb7 Nf6 9. g3 Bd6 10. Nxd7 Nxd7 11. Bg2 Rb8 12. Qxa7 O-O 13. O-O Bc5 14.
Qa4 Nb6 15. Qg4 f5 16. Qh5 Nd5 17. e3 Nf6 18. Qe2 Bd6 19. b3 e5 20. Bb2 f4 21.
Rac1 Qe8 22. d4 fxg3 23. hxg3 exd4 24. Bxd4 Rb4 25. Bc5 Bxc5 26. Rxc5 Qe7 27.
Rfc1 Rc8 28. Bh3 Ne4 29. R5c4 Rxc4 30. Qxc4+ 1-0

[Event "Departementale Loire"]
[Site "Roanne"]
[Date "2011.04.17"]
[Round "1.2"]
[White "Blanchin, Benjamin"]
[Black "Desassis, Jean-Francois"]
[Result "0-1"]
[WhiteElo "1199"]
[BlackElo "1500"]
[PlyCount "77"]
[EventDate "2011.??.??"]

1. e4 c5 2. d4 cxd4 3. Qxd4 Nc6 4. Qc4 d6 5. Nf3 Be6 6. Qd3 Nf6 7. Nc3 Qb6 8.
Rb1 g6 9. b4 Bg7 10. b5 Na5 11. Na4 Qc7 12. e5 dxe5 13. Qc3 Qxc3+ 14. Nxc3 e4
15. Ne5 Nh5 16. g4 Bxe5 17. Nxe4 Bxg4 18. Rb4 Bf5 19. Rg1 O-O 20. Rg5 Nf6 21.
f3 Bxe4 22. fxe4 Bc3+ 23. Bd2 Bxb4 24. Bxb4 Nxe4 25. Re5 Nd6 26. Bxa5 Rfc8 27.
Bg2 Nc4 28. Bxb7 Nxe5 29. Bxa8 Rxa8 30. b6 axb6 31. Bxb6 Rxa2 32. Kd1 Ra1+ 33.
Kd2 Nc4+ 34. Kc3 Nxb6 35. Kb3 Rd1 36. c3 e5 37. c4 Nxc4 38. Kxc4 e4 39. h3 0-1

[Event "Departementale Loire"]
[Site "Roanne"]
[Date "2011.04.17"]
[Round "1.3"]
[White "Liogier, Pascal"]
[Black "Moreira, Valentin"]
[Result "1-0"]
[WhiteElo "1440"]
[BlackElo "1199"]
[PlyCount "49"]
[EventDate "2011.??.??"]

1. Nf3 Nc6 2. c4 e5 3. Qc2 Bc5 4. Nc3 d6 5. d3 Nf6 6. g3 O-O 7. Bg2 Bxf2+ 8.
Kxf2 Bf5 9. Bg5 Nb4 10. Qb3 a5 11. Nd5 Qd7 12. Bxf6 gxf6 13. Nxf6+ Kg7 14. Nxd7
Bxd7 15. Rhf1 b5 16. a3 Na6 17. Kg1 Nc5 18. Qc3 Rab8 19. b4 Na4 20. Qd2 axb4
21. Qg5+ Kh8 22. Qf6+ Kg8 23. Ng5 Rfe8 24. Qxf7+ Kh8 25. Qxh7# 1-0

[Event "Departementale Loire"]
[Site "Roanne"]
[Date "2011.04.17"]
[Round "1.1"]
[White "Avetikyan, Samuel"]
[Black "Artinyan, Remy"]
[Result "0-1"]
[WhiteElo "1099"]
[BlackElo "2065"]
[PlyCount "64"]
[EventDate "2011.??.??"]

1. e4 c5 2. Nf3 Nc6 3. Nc3 e6 4. Bc4 a6 5. a4 d6 6. O-O Nf6 7. d3 Be7 8. Bg5
O-O 9. Bxf6 Bxf6 10. Re1 Qb6 11. Rb1 Bd7 12. g4 Nd4 13. Nxd4 cxd4 14. Ne2 Bxa4
15. b3 Bc6 16. b4 d5 17. exd5 Bxd5 18. Bxd5 exd5 19. Nf4 Qd6 20. Qd2 Bg5 21. b5
Qxf4 22. Qe2 g6 23. bxa6 bxa6 24. Qd1 a5 25. Qc1 Qxg4+ 26. Kf1 Bxc1 27. Rbxc1
Rfe8 28. Rxe8+ Rxe8 29. c3 Qh3+ 30. Kg1 Re5 31. f4 Re2 32. Rf1 Qxh2# 0-1

[Event "Departementale Loire"]
[Site "Roanne"]
[Date "2011.04.17"]
[Round "1.2"]
[White "Piper, Stephane"]
[Black "Blanchet, Julian"]
[Result "1-0"]
[WhiteElo "1430"]
[BlackElo "1009"]
[PlyCount "23"]
[EventDate "2011.??.??"]

1. c4 e5 2. Nc3 Nf6 3. Nf3 Nc6 4. e3 Na5 5. Nxe5 Bb4 6. d4 Nh5 7. Qxh5 O-O 8.
Bd3 Re8 9. Qxh7+ Kf8 10. Qh8+ Ke7 11. Qxg7 Rg8 {Cd5 impossible ilest clouer}
12. Ng6+ 1-0

[Event "Departementale Loire"]
[Site "Roanne"]
[Date "2011.04.17"]
[Round "2.1"]
[White "Jandeau, Cyril"]
[Black "Morice, Ludovic"]
[Result "0-1"]
[WhiteElo "1450"]
[BlackElo "2065"]
[PlyCount "98"]
[EventDate "2011.??.??"]

1. e4 d5 2. exd5 Qxd5 3. Nc3 Qd6 4. Nf3 Nf6 5. Bc4 a6 6. O-O b5 7. Bd3 Bb7 8.
Re1 Nbd7 9. Ne4 Qb6 10. b3 e6 11. Bb2 Be7 12. Bd4 c5 13. Be5 Nxe5 14. Nxe5 Bxe4
15. Bxe4 Nxe4 16. Rxe4 Bf6 17. Qh5 Bxe5 18. Qxe5 O-O 19. Rae1 Rad8 20. d3 Rd5
21. Qg3 Qa5 22. R4e2 Qc3 23. h4 h6 24. Qe3 Qf6 25. c4 bxc4 26. dxc4 Rd4 27. g3
Rfd8 28. Qe5 Qxe5 29. Rxe5 Rd2 30. R1e2 Rxe2 31. Rxe2 Kf8 32. Kf1 Ke7 33. Rc2
e5 34. Ke2 Ke6 35. Rd2 Rd4 36. Rxd4 exd4 37. Kd3 a5 38. Ke4 Kd6 39. g4 Kc6 40.
f4 g6 41. Kd3 h5 42. g5 Kd6 43. Ke4 Ke6 44. a3 a4 45. Kd3 axb3 46. Kd2 Kd6 47.
Kc1 Kc6 48. a4 Kb6 49. a5+ Kb7 0-1

[Event "Departementale Loire"]
[Site "Roanne"]
[Date "2011.04.17"]
[Round "2.2"]
[White "Castillo, Raymond"]
[Black "Carrot, Axel"]
[Result "1-0"]
[WhiteElo "2049"]
[BlackElo "1530"]
[PlyCount "66"]
[EventDate "2011.??.??"]

1. e4 e5 2. Nf3 Nc6 3. Bb5 Nf6 4. O-O Be7 5. Re1 d6 6. c3 a6 7. Ba4 b5 8. Bb3
Bg4 9. h3 Bh5 10. g4 Bg6 11. d4 h5 12. g5 Nd7 13. Be3 f6 14. Nh4 Nf8 15. gxf6
gxf6 16. Kh2 Qd7 17. Rg1 Bf7 18. Rg7 Rh7 19. Qg1 O-O-O 20. Nf5 Qe8 21. Rxh7
Nxh7 22. h4 Bf8 23. a4 Ne7 24. Nxe7+ Qxe7 25. axb5 axb5 26. Nd2 f5 27. Ra5
Qxh4+ 28. Kg2 f4 29. Qf1 Be6 30. Ra8+ Kd7 31. Qxb5+ Ke7 32. Bxf4 Rxa8 33. Bg3
Bh3+ 1-0

[Event "Departementale Loire"]
[Site "Roanne"]
[Date "2011.04.17"]
[Round "2.3"]
[White "Carrot, Patrick"]
[Black "Carteron, Olivier"]
[Result "0-1"]
[WhiteElo "1866"]
[BlackElo "1610"]
[PlyCount "99"]
[EventDate "2011.??.??"]

1. e4 e6 2. d4 d5 3. exd5 exd5 4. Nf3 Bg4 5. Be2 Bd6 6. O-O Ne7 7. Re1 O-O 8.
c3 c6 9. Nbd2 Qc7 10. Nf1 Nd7 11. Bg5 f6 12. Bh4 Rfe8 13. Bg3 Nf5 14. Bxd6 Nxd6
15. Ng3 Bxf3 16. Bxf3 Rxe1+ 17. Qxe1 Re8 18. Qd2 Ne4 19. Qe3 Nd6 20. Qd3 g6 21.
Kf1 f5 22. b3 Nf6 23. c4 Nfe4 24. Rc1 Qa5 25. cxd5 cxd5 26. a4 Rc8 27. Rxc8+
Nxc8 28. Be2 Qd2 29. Nxe4 Qxd3 30. Bxd3 fxe4 31. Bb5 Ne7 32. Bd7 Kf7 33. Ke2
Nf5 34. Bxf5 gxf5 35. Ke3 Ke6 36. Kf4 a6 37. Kg5 b5 38. axb5 axb5 39. b4 h6+
40. Kh5 Kf6 41. g3 Kg7 42. Kh4 Kg6 43. Kh3 Kg5 44. Kg2 f4 45. h3 f3+ 46. Kf1 h5
47. h4+ Kg4 48. Kg1 Kh3 49. g4 Kxg4 50. Kh1 0-1

[Event "Departementale Loire"]
[Site "Roanne"]
[Date "2011.04.17"]
[Round "2.1"]
[White "Artinyan, Remy"]
[Black "Deville, Olivier"]
[Result "0-1"]
[WhiteElo "2065"]
[BlackElo "1988"]
[PlyCount "106"]
[EventDate "2011.??.??"]

1. d4 Nf6 2. Bg5 Ne4 3. Bf4 c5 4. f3 Nf6 5. dxc5 Qa5+ 6. Nc3 Qxc5 7. e4 e5 8.
Bg3 a6 9. Bf2 Qa5 10. Bc4 d6 11. Nge2 Be6 12. Bxe6 fxe6 13. b4 Qc7 14. O-O Be7
15. a4 O-O 16. a5 Nc6 17. b5 Nd8 18. Qd2 Rc8 19. Bb6 Qb8 20. Rfb1 Qa8 21. Qe3
Nf7 22. Qd3 Nd7 23. Na4 Bd8 24. c4 axb5 25. Rxb5 Nxb6 26. axb6 Be7 27. Ra2 Rc6
28. Nac3 Qc8 29. Ra4 Qd7 30. h3 Rfc8 31. Kh2 Bd8 32. Rab4 Ra8 33. Na4 Be7 34.
Nc5 Qc8 35. Nb3 Ra3 36. Nc3 d5 37. exd5 Bxb4 38. dxc6 Rxb3 39. Qd7 Qxd7 40.
cxd7 Rxc3 41. Rxb4 Rd3 42. c5 Nd8 43. Re4 Nc6 44. f4 Rd4 45. Re2 e4 46. Kg3 Kf7
47. f5 exf5 48. Kf4 g6 49. Ra2 Rxd7 50. Ra8 Ke6 51. g4 Kd5 52. gxf5 gxf5 53.
Kxf5 e3 0-1

[Event "Departementale Loire"]
[Site "Roanne"]
[Date "2011.04.17"]
[Round "2.2"]
[White "Desassis, Jean-Francois"]
[Black "Piper, Stephane"]
[Result "0-1"]
[WhiteElo "1500"]
[BlackElo "1430"]
[PlyCount "104"]
[EventDate "2011.??.??"]

1. d4 d5 2. Nf3 Nf6 3. e3 e6 4. Bd3 Bd6 5. Nbd2 O-O 6. b3 c5 7. dxc5 Bxc5 8.
Bb2 Nc6 9. a3 Qe7 10. Ne5 Nxe5 11. Bxe5 Bxa3 12. Bxf6 gxf6 13. Qg4+ Kh8 14. Qh4
f5 15. Qh6 Bb2 16. Ra4 Rg8 17. Rh4 Rg7 18. Nf3 Qf6 19. Qh5 Qg6 20. g3 Qxh5 21.
Rxh5 Bd7 22. g4 Rag8 23. gxf5 exf5 24. Bxf5 Bc3+ 25. Ke2 Bxf5 26. Rxf5 Rd8 27.
Rd1 a5 28. Rfxd5 Rxd5 29. Rxd5 b6 30. Kd3 Bb4 31. h4 Rg2 32. Ke2 Kg7 33. Rd7
Kf6 34. Ng5 h6 35. Nxf7 Rg7 36. Rb7 Rxf7 37. Rxb6+ Kg7 38. f4 Rc7 39. Kd3 Rc3+
40. Kd4 Bc5+ 41. Kxc3 Bxb6 42. Kd3 Kf6 43. Ke4 Ke6 44. f5+ Kf6 45. Kf4 Bc7+ 46.
Ke4 Bg3 47. Kf3 Bxh4 48. Kg4 Bg5 49. c4 Bxe3 50. Kf3 Kxf5 51. Kxe3 Kg4 52. c5
h5 0-1

[Event "Departementale Loire"]
[Site "Roanne"]
[Date "2011.04.17"]
[Round "2.3"]
[White "Peyssonneaux, Norbert"]
[Black "Liogier, Pascal"]
[Result "1-0"]
[WhiteElo "1499"]
[BlackElo "1440"]
[PlyCount "49"]
[EventDate "2011.??.??"]

1. e4 c6 2. d4 d5 3. Nc3 dxe4 4. Nxe4 Bf5 5. Ng3 Nf6 6. c3 Bg6 7. Nf3 h6 8. Qb3
Qc7 9. Ne5 Nbd7 10. Nxg6 fxg6 11. Bd3 O-O-O 12. Bxg6 e5 13. O-O exd4 14. cxd4
Nb6 15. Bf5+ Kb8 16. Be3 Nbd5 17. Rac1 Bd6 18. Rfe1 Ka8 19. Kh1 Nxe3 20. fxe3
Bxg3 21. hxg3 Qxg3 22. Rf1 Rhf8 23. Qa4 Qxe3 24. Rxc6 Qxd4 25. Rc8+ 1-0

[Event "Departementale Loire"]
[Site "Roanne"]
[Date "2011.04.17"]
[Round "2.4"]
[White "Mialon, Franck"]
[Black "Valette, Guillaume"]
[Result "1-0"]
[WhiteElo "1350"]
[BlackElo "1099"]
[PlyCount "25"]
[EventDate "2011.??.??"]

1. e4 e5 2. Nf3 Nc6 3. Bc4 Nf6 4. Ng5 d5 5. exd5 Nxd5 6. Nxf7 Kxf7 7. Qf3+ Ke8
8. Bxd5 Qf6 9. O-O Nd4 10. Qd3 Bf5 11. Qc4 Nxc2 12. Qxc7 Qd8 13. Qf7# 1-0

[Event "Departementale Loire"]
[Site "Roanne"]
[Date "2011.04.17"]
[Round "2.1"]
[White "Guevorkian, Spartak"]
[Black "Avetikyan, Samuel"]
[Result "1-0"]
[WhiteElo "1860"]
[BlackElo "1099"]
[PlyCount "67"]
[EventDate "2011.??.??"]

1. d4 d5 2. Nf3 Nc6 3. Bf4 f6 4. e3 g5 5. Bg3 Bg4 6. Nbd2 e5 7. h3 Bh5 8. Be2
Bd6 9. c3 e4 10. Nh2 Bxe2 11. Qxe2 Bxg3 12. fxg3 Nge7 13. Qh5+ Ng6 14. Rf1 Rf8
15. Qxh7 Nce7 16. Ng4 Rf7 17. Nxf6+ Rxf6 18. Rxf6 Qd7 19. Rxg6 Nxg6 20. Qxg6+
Qf7 21. Qxf7+ Kxf7 22. O-O-O Ke7 23. Rf1 Rf8 24. Rxf8 Kxf8 25. c4 dxc4 26. Nxe4
Ke7 27. Nxg5 b6 28. e4 c5 29. d5 Kd6 30. h4 a5 31. h5 a4 32. h6 a3 33. h7 Ke7
34. h8=Q 1-0

[Event "Departementale Loire"]
[Site "Roanne"]
[Date "2011.04.17"]
[Round "2.2"]
[White "Blanchet, Julian"]
[Black "Megnot, Philippe"]
[Result "0-1"]
[WhiteElo "1009"]
[BlackElo "1420"]
[PlyCount "44"]
[EventDate "2011.??.??"]

1. e4 d5 2. f4 dxe4 3. Nc3 Nf6 4. Bb5+ c6 5. Be2 Nbd7 6. Bc4 e5 7. fxe5 Nxe5 8.
Nh3 Nxc4 9. Nf4 Bg4 10. Nce2 Bd6 11. Ne6 fxe6 12. Nd4 Bxd1 13. Kxd1 Qd7 14. Rf1
O-O 15. Rf2 Bc5 16. Nb3 Bxf2 17. d4 exd3 18. Bd2 dxc2+ 19. Kxc2 e5 20. Nc5
Qxd2+ 21. Kb3 Qxb2+ 22. Ka4 Qb5# 0-1

[Event "Departementale Loire"]
[Site "Roanne"]
[Date "2011.04.17"]
[Round "2.3"]
[White "Marie, Michel"]
[Black "Berounsky, Flavien"]
[Result "1-0"]
[WhiteElo "1120"]
[BlackElo "1009"]
[PlyCount "29"]
[EventDate "2011.??.??"]

1. e4 Nc6 2. Nc3 d6 3. Nf3 Bg4 4. Be2 Nf6 5. e5 dxe5 6. d4 exd4 7. Nxd4 Nxd4 8.
Bxg4 Nxg4 9. Qxg4 Qd5 10. Nxd5 c6 11. Nc7+ Kd8 12. Nxa8 h5 13. Qxd4+ Kc8 14.
Qe5 Rg8 15. Qc7# 1-0

[Event "Departementale Loire"]
[Site "Roanne"]
[Date "2011.04.17"]
[Round "2.4"]
[White "Soler, Pauline"]
[Black "Bournez, Gerard"]
[Result "0-1"]
[WhiteElo "1009"]
[BlackElo "1440"]
[PlyCount "72"]
[EventDate "2011.??.??"]

1. e4 c5 2. Nf3 Nc6 3. Nc3 e5 4. Bc4 h6 5. a4 d6 6. O-O Nf6 7. h3 Nb4 8. b3 Bd7
9. d3 Be7 10. a5 a6 11. Ba3 b5 12. Bxb4 cxb4 13. Na2 bxc4 14. dxc4 Rb8 15. c5
dxc5 16. c4 Nxe4 17. Nd2 Nxd2 18. Qxd2 Bf6 19. Qd3 Qc7 20. Nc1 O-O 21. Re1 e4
22. Qe3 Bxa1 23. Qg3 Qxg3 24. fxg3 Rfe8 25. h4 Bc3 26. Rd1 Bd4+ 27. Kh1 Bg4 28.
Rd2 e3 29. Rc2 e2 30. Nxe2 Bxe2 31. Rxe2 Rxe2 32. Kh2 Rb2 33. g4 Re8 34. Kh1
Ree2 35. h5 Rxg2 36. g5 Rh2# 0-1

[Event "Departementale Loire"]
[Site "Roanne"]
[Date "2011.04.17"]
[Round "2.1"]
[White "Briancon, Jean-Philippe"]
[Black "Lebrun, Enzo"]
[Result "1-0"]
[WhiteElo "1299"]
[BlackElo "1440"]
[PlyCount "34"]
[EventDate "2011.??.??"]

1. e4 e6 2. Nf3 b6 3. Nc3 Bb7 4. d4 Nf6 5. d5 exd5 6. exd5 Bb4 7. Qe2+ Qe7 8.
Qxe7+ Bxe7 9. Bg5 Bxd5 10. Bxf6 Bxf3 11. Bxg7 Rg8 12. gxf3 Rxg7 13. Nd5 Kd8 14.
O-O-O Nc6 15. Bb5 a6 16. Bxc6 dxc6 17. Nxb6+ Ke8 1-0

[Event "Departementale Loire"]
[Site "Roanne"]
[Date "2011.04.17"]
[Round "2.2"]
[White "Rasle, Corentin"]
[Black "Blanchin, Benjamin"]
[Result "1-0"]
[WhiteElo "1420"]
[BlackElo "1199"]
[PlyCount "37"]
[EventDate "2011.??.??"]

1. d4 e6 2. c4 d5 3. Nc3 dxc4 4. Nf3 Nc6 5. e4 Nf6 6. e5 Nd5 7. Bxc4 Bb4 8. Bd2
O-O 9. O-O Na5 10. Bxd5 exd5 11. Bg5 f5 12. exf6 gxf6 13. Bh6 Re8 14. Nh4 b6
15. a3 Bxc3 16. bxc3 Ba6 17. Qg4+ Kf7 18. Rfe1 Nb3 19. Qg7# 1-0

[Event "Departementale Loire"]
[Site "Roanne"]
[Date "2011.04.17"]
[Round "2.3"]
[White "Moreira, Valentin"]
[Black "Moreira, Florian"]
[Result "0-1"]
[WhiteElo "1199"]
[BlackElo "1199"]
[PlyCount "46"]
[EventDate "2011.??.??"]

1. e4 e5 2. Nf3 Nc6 3. Bc4 Qe7 4. O-O Nf6 5. d3 d5 6. exd5 Nb4 7. Re1 Nbxd5 8.
Nxe5 Bg4 9. f3 Qc5+ 10. Be3 Nxe3 11. Bxf7+ Kd8 12. Qd2 Nxc2+ 13. Kf1 Nxa1 14.
Bc4 Qb6 15. Nf7+ Kd7 16. Nxh8 Re8 17. Be6+ Bxe6 18. Qd1 Qd4 19. Qc2 b6 20. Re4
Nxe4 21. fxe4 Nxc2 22. Nd2 Bc5 23. Nb3 Qf2# 0-1

[Event "Departementale Loire"]
[Site "Roanne"]
[Date "2011.04.17"]
[Round "2.4"]
[White "Berounsky, Clement"]
[Black "Malchere, Lenny"]
[Result "1-0"]
[WhiteElo "1099"]
[BlackElo "1099"]
[PlyCount "39"]
[EventDate "2011.??.??"]

1. Nc3 e5 2. Nf3 Nc6 3. b3 Nf6 4. Ba3 Bxa3 5. Nb1 Ne4 6. Nxa3 Nf6 7. e4 Nxe4 8.
Bd3 f5 9. Qe2 d5 10. Qf1 Be6 11. O-O-O Nd4 12. Nxe5 Qd6 13. Nac4 dxc4 14. bxc4
Qa3+ 15. Kb1 Qd6 16. Re1 Nxd2+ 17. Kc1 Nxc4 18. Bxc4 Bxc4 19. Nxc4+ Kd8 20. Rd1
1-0

[Event "Departementale Loire"]
[Site "Roanne"]
[Date "2011.04.17"]
[Round "3.1"]
[White "Deville, Olivier"]
[Black "Morice, Ludovic"]
[Result "0-1"]
[WhiteElo "1988"]
[BlackElo "2065"]
[PlyCount "92"]
[EventDate "2011.??.??"]

1. Nf3 b6 2. g3 Bb7 3. Bg2 e6 4. c4 f5 5. O-O Nf6 6. Nc3 Be7 7. d4 O-O 8. d5
Qc8 9. Nd4 g6 10. Nc2 e5 11. e4 fxe4 12. Nxe4 Nxe4 13. Bxe4 d6 14. f4 exf4 15.
Bxf4 Nd7 16. Nd4 Nc5 17. Bc2 a5 18. Qe2 Bf6 19. Rad1 Bxd4+ 20. Rxd4 Qd7 21. Bh6
Rxf1+ 22. Qxf1 Re8 23. Rf4 Qe7 24. Rf6 Bc8 25. b4 Bh3 26. Qa1 axb4 27. Bd2 Ne4
28. Bxe4 Qxe4 29. Rf2 Re5 30. Bxb4 Qxc4 31. Bc3 Re7 32. Bf6 Rf7 33. Qe1 Qxd5
34. Bd4 Rxf2 35. Qxf2 c5 36. Bc3 Qd1+ 37. Be1 Qd5 38. Bc3 Qd1+ 39. Be1 Qd3 40.
a4 Qe4 41. Bc3 Qb1+ 42. Be1 Bf5 43. h4 Qc2 44. Qe3 Be4 45. Bd2 Qxa4 46. Bc3
Qd1+ 0-1

[Event "Departementale Loire"]
[Site "Roanne"]
[Date "2011.04.17"]
[Round "3.2"]
[White "Castillo, Raymond"]
[Black "Desassis, Jean-Francois"]
[Result "1-0"]
[WhiteElo "2049"]
[BlackElo "1500"]
[PlyCount "62"]
[EventDate "2011.??.??"]

1. e4 c5 2. Nc3 d6 3. f4 Nc6 4. g3 g6 5. Bg2 Bg7 6. Nf3 Nf6 7. O-O O-O 8. h3
Bd7 9. Ne2 Nxe4 10. Kh2 Qc8 11. d3 Nf6 12. c3 Rb8 13. g4 Nxg4+ 14. hxg4 Bxg4
15. Qe1 e5 16. Qh4 Bxf3 17. Rxf3 Qf5 18. Bh3 Qf6 19. Qxf6 Bxf6 20. f5 Ne7 21.
Bh6 Bg7 22. Bxg7 Kxg7 23. f6+ Kg8 24. fxe7 Rfe8 25. Ng3 Rxe7 26. Ne4 Rd8 27.
Nf6+ Kg7 28. Nd5 Ree8 29. Rf6 e4 30. dxe4 Rxe4 31. Raf1 Rf8 1-0

[Event "Departementale Loire"]
[Site "Roanne"]
[Date "2011.04.17"]
[Round "3.3"]
[White "Liogier, Pascal"]
[Black "Bekri, Nesrine"]
[Result "1-0"]
[WhiteElo "1440"]
[BlackElo "1010"]
[PlyCount "81"]
[EventDate "2011.??.??"]

1. Nf3 d5 2. c4 Nf6 3. g3 e6 4. Bg2 b6 5. cxd5 Nxd5 6. O-O Bc5 7. d4 Bb4 8. a3
Ba5 9. b4 O-O 10. bxa5 bxa5 11. Bb2 Ba6 12. Re1 Nb6 13. Ne5 Bb7 14. Bxb7 Nc4
15. Nxc4 Nd7 16. Bxa8 Qxa8 17. Ne5 Nb6 18. e4 f6 19. Nf3 Nc4 20. Qc2 Nb6 21.
Nbd2 Rd8 22. Qc3 Na4 23. Qb3 Nb6 24. Qxe6+ Kh8 25. e5 Re8 26. Qg4 Rg8 27. e6
Nc8 28. Rad1 Qb8 29. Nc4 Qb3 30. d5 Ne7 31. Ba1 f5 32. Qd4 Qb6 33. Nfe5 h6 34.
Nxb6 cxb6 35. Nf7+ Kh7 36. d6 Nc8 37. Qh4 Kg6 38. g4 a6 39. Qh5+ Kh7 40. Ng5+
Kh8 41. Qxh6# 1-0